Online
Catalog

Manual de derecho judicial privado : (Record no. 3155)

MARC details
000 -CABECERA
campo de control de longitud fija 00658nam a2200193 u 4500
001 - NÚMERO DE CONTROL
campo de control 000003324
005 - FECHA Y HORA DE LA ÚLTIMA TRANSACCIÓN
campo de control 20200929150419.0
008 - DATOS DE LONGITUD FIJA--INFORMACIÓN GENERAL
campo de control de longitud fija 090708s1999 dr r 001 0 spa d
040 ## - FUENTE DE LA CATALOGACIÓN
Centro catalogador/agencia de origen DO-SdBNP
082 ## - NÚMERO DE LA CLASIFICACIÓN DECIMAL DEWEY
Número de clasificación 346.074
Número de documento/Ítem G216s
049 ## - FONDOS LOCALES (OCLC)
Fondos de biblioteca BNPD
100 1# - ENTRADA PRINCIPAL--NOMBRE DE PERSONA
Nombre de persona García de Peña, L. V.
9 (RLIN) 10442
245 10 - MENCIÓN DE TÍTULO
Título Manual de derecho judicial privado :
Resto del título los embargos /
Mención de responsabilidad, etc. L. V. García de Peña.
260 ## - PUBLICACIÓN, DISTRIBUCIÓN, ETC.
Lugar de publicación, distribución, etc. Santo Domingo :
Nombre del editor, distribuidor, etc. Universidad Iberoamericana,
Fecha de publicación, distribución, etc. 1999.
300 ## - DESCRIPCIÓN FÍSICA
Extensión 102p ;
Dimensiones 27cm.
440 #0 - MENCIÓN DE SERIE/PUNTO DE ACCESO ADICIONAL--TÍTULO
Título Colección de textos universitarios
Designación de volumen o secuencia 21
9 (RLIN) 10443
500 ## - NOTA GENERAL
Nota general Contiene índice
650 #4 - PUNTO DE ACCESO ADICIONAL DE MATERIA--TÉRMINO DE MATERIA
Término de materia o nombre geográfico como elemento de entrada Embargo ejecución (derecho civil)
Subdivisión general Deudor y acredor
9 (RLIN) 10444
999 ## - NÚMEROS DE CONTROL DE SISTEMA (KOHA)
-- 0000058
Holdings
Estado de retiro Estado de pérdida No para préstamo Código de colección Localización permanente Ubicación/localización actual Ubicación en estantería Fecha de adquisición Número de inventario Total de préstamos Signatura topográfica completa Código de barras Fecha visto por última vez Número de copia Precio válido a partir de Tipo de ítem Koha Fuente de adquisición
    Excluido de préstamo Patrimonio Dominicano Patrimonio Dominicano Patrimonio Dominicano En catalogación 14.06.2011 LF1   346.074 G216s 3324-20 25.06.2020 e. 2 25.06.2020 Libro y Folleto Colección Patrimonio Dominicano  
    Excluido de préstamo Patrimonio Dominicano Patrimonio Dominicano Patrimonio Dominicano En catalogación 08.07.2009 LF1   346.074 G216s 3324-10 25.06.2020   25.06.2020 Libro y Folleto Colección Patrimonio Dominicano 051368

Powered by Koha